000
00331 a2200145 4500
005
20250702071043.0
020
_a
978-0-141-44114-6
082
_a
EYR
100
_a
EYRE, J.
245
_a
Charlotte Bronte,
260
_b
PENGUIN CLASICS,
_c
2006.
300
_a
xxxiv, 589p,: ill.;
_c
19.6cm
700
_a
DAVIES, S.
942
_2
ddc
_c
BKS
999
_c
6528
_d
6528